000 00586nam a22001937a 4500
005 20251108173138.0
008 250721s2005 xx 000 0 ara d
082 1 4 _aق/سلط
100 1 _aسلطاني، محمد عدنان
245 1 0 _aالسيف و الشيطان /
264 1 _aدمشق :
_bدار العصماء،
_c2005.
300 _a95ص.
650 1 7 _aالأدب العربي
650 1 7 _aالقصص
700 1 _aسلطاني، محمد علي
_eمراجع
700 1 _aزين العابدين، أحمد صفوح
_eمقدم
942 _2ddc
_cBK
999 _c97092
_d97092